000 00680nam a2200253Ia 4500
003 OSt
005 20221005035906.0
006 a|||||r|||| 00| 0
007 ta
008 221004b |||||||| |||| 00| 0 urd d
020 _c2.50
024 _a30471
037 _cTextual
040 _aCRL
_cCRL
_burd
041 _2urd
_aurd
082 _aO168,3N181,SS, J9
100 _aZaheer Raziya Sajjad Au.
_9588743
245 0 _aSar-e-shaam
260 _aDelhi
_bMaktaba Jamia ltd. India
_c1959
300 _a210p.
_ccm.
650 _aURDU FICTION
_93298
942 _hO168,3N181,SS, J9
_cTEXL
_2cc
999 _c946002
_d946002